| 000 | 00000nam##2200000za#4500 |
| 001 | 9.641109 |
| 003 | CaOODSP |
| 005 | 20210624223025 |
| 007 | cr ||||||||||| |
| 008 | 150407|2006||||xxc|||||o f|0| 0 fre|d |
| 040 | |aCaOODSP|bfre |
| 043 | |an-cn--- |
| 086 | 1 |aH129-21/2006F-PDF |
| 110 | 1 |aCanada. |bSanté Canada. |
| 245 | 10|aLignes directrices internationales pour l'estimation des coûts évitables de l'abus de substances / |h[ressource électronique]|cpar David Collins ... [et al.]. |
| 250 | |a1ière édition |
| 260 | |aOttawa - Ontario : |bSanté Canada |cNovembre 2006. |
| 300 | |a113p.|bfigures (certaines en couleur), références, tableaux |
| 590 | |a12-43-Supp|b2012-12-07 |
| 691 | 07|aAlcoolisme|2gcpds |
| 691 | 07|aToxicomanie|2gcpds |
| 775 | 08|tInternational guidelines for the estimation of the avoidable costs of substance abuse / |w(CaOODSP)9.697038 |
| 856 | 40|ahttp://publications.gc.ca|qPDF|s897 Ko|uhttps://publications.gc.ca/collections/collection_2012/sc-hc/H129-21-2006-fra.pdf |